Регионална библиотека "Любен Каравелов" - Русе

Алекс (Запис номер 180892)

MARC детайли
000 -Лидер
Контролно поле с фиксирана дължина 01460nam a2200373 c 4500
003 - Код на организацията, давaща контролен номер
Контролно поле BLK
005 - Дата и час на последна редакция
Контролно поле 20250404150544.0
008 - Елементи от данни с фиксирана дължина
fixed length control field 180411b bul|||||r ||||||| ||bul||
010 ## - Наследен системен номер
LC control number KNG00189782000
020 ## - Международен стандартен номер на книга ISBN
Международен стандартен номер на книга ISBN 978-619-150-342-1
-- издат.: Колибри
040 ## - Източник на каталожния запис
Идентификатор на билиотеката - собственик на записа BLK
041 ## - Код за език
Код за езика на текст/звукозапис или на отделно заглавие Български
Код за езика КДБФ Български
072 #7 - Код за тематичната категория
Код организация bullib
Код за тематична категория Н83
Текст Чужда художествена литература Н
080 ## - УДК
Текстов определител УДК Френска литература
УДК код - определител по УДК 821.133.1
УДК определител -312.4
УДК - код + определител 821.133.1-312.4
100 1# - Редна дума - Автор
Автор Льометр, Пиер
Авторска отговорност първи автор
R(LIN) 341566
139 ## - Редно поле
Редна дума Льометр, Пиер
Авторски знак Лъч - Л 94
245 10 - Сведения за заглавието
Заглавие Алекс
Подзаглавни данни Роман
Редно поле (дума) Пиер Льометр; прев. от фр. Зорница Стефанова Китинска.
257 ## - Страна на издаване
Страна на създаване/издаване Франция
260 ## - Област на издателските данни
-- София
Име на издателя, разпространителя и проч. Колибри
Година на издаване 2014
Печатница София : Инвестпрес
300 ## - Физическа характеристика
Страници 335 с.
Размери/Мащаб 20 см
380 ## - Жанр
Жанр Худож. лит.
490 1# - СЕРИИ (Колекции)
Име на серия Съвременни трилъри
500 ## - Общи забележки
Забележка Ориг. загл. Alex / Pierre Lemaitre. - Съдържа и за авт.
653 ## - Ключова дума – ненормативна
Ключова дума трилъри
653 ## - Ключова дума – ненормативна
Ключова дума романи
659 ## - Тематичен бюлетин
Тематичен бюлетин Н
700 1# - Други автори (авторска отговорност)
Лично име Китинска, Зорница Стефанова
Автороска отговорност (Описва отношението между автора и произведението) прев. от фр.
9 (RLIN) 79412
852 ## - Местоположение
Форматна сигнатура Цб 281923
856 4# - Електронен адрес и достъп
Електронен формат pdf - файл
Път до файла /url/
856 4# - Електронен адрес и достъп
Електронен формат pdf - файл
Път до файла /url/
942 ## - АРТИКУЛИ
Вид на библиотечния материал Книги
Скрит в OPAC Не
Koha issues (borrowed), all copies 42
944 ## - СЪЗДАВАНЕ И РЕДАКЦИЯ на ЗАПИСА
Създаване/Редакция Създаване
Дата на регистрацията/редакция 17.08.2016
Статус, дата на статуса Цветелина Шанова
Служител, извършил регистрацията/редакцията 30531
944 ## - СЪЗДАВАНЕ И РЕДАКЦИЯ на ЗАПИСА
Създаване/Редакция Редакция
Дата на регистрацията/редакция 20.06.2017
Статус, дата на статуса ф /
Служител, извършил регистрацията/редакцията Людмила_Стоянова
999 ## - СИСТЕМНИ КОНТРОЛНИ НОМЕРА
Koha biblionumber 180892
Koha biblioitemnumber 180892
Наличности
Код за отписване Код за изгубен артикул Код за повреда Коз за рестрикции Код за отдаване Артикулен № Име на библиотеката - собственик Име на библиотеката, в която се намира в момента Статус (Текущо местоположение) Дата на вписване в системата Местоположение - отдел Цена в лева Инвентарен номер Систематично азбучна сигнатура Баркод Номер на екземпляра Цена в евро Служебна бележка Служебен тип на артикула Източник на класификационната схема
  Не е изгубен Не е повреден без рестрикции ползва се в читалня 309795 Регионална библиотека "Любен Каравелов" Русе Регионална библиотека "Любен Каравелов" Русе Хранилище 2016-08-19 Хранилище 16.00 120000802949 Цб 281923 120000802949 1 8.18 Дост: Dp Вид: Д N: 29 Дата: 15.06.2016 Книги  
  Не е изгубен Не е повреден без рестрикции заемане за дома 309796 Регионална библиотека "Любен Каравелов" Русе Регионална библиотека "Любен Каравелов" Русе Заемна - подръчен фонд 2017-05-26 Заемна - подръчен фонд 2.50 120000811597 П 821-31/Л 94 120000811597 2 1.28 Дост: Pk Вид: Ф N: 490 Дата: 26.05.2017 Дата инв: 12.02.2018 Бележки инв: П2018 Книги Universal Decimal Classification
  Не е изгубен Не е повреден без рестрикции заемане за дома 309797 Регионална библиотека "Любен Каравелов" Русе Регионална библиотека "Любен Каравелов" Русе Заемна - подръчен фонд 2017-05-26 Заемна - подръчен фонд 2.50 120000811598 П 840-31/Л 94 120000811598 3 1.28 Дост: Pk Вид: Ф N: 490 Дата: 26.05.2017 Книги Universal Decimal Classification
Vip Innovations Ltd, Rousse, Bulgaria 2025